=LDR 00000nam 2200000 4500 =001 INLIS000000000017013 =005 20200629025704 =035 ##$$a 0010-061300000017013 =008 200629################g##########0#ind## =041 ##$$a Ind =082 ##$$a 2x3.46 =090 ##$$a 2x3.46, Sya n =100 ##$$a Sya'ban, Helmi Ali =245 1#$$a Nabi Yusuf /$c Helmi Ali Sya'ban =260 ##$$a Yogyakarta :$b Mitra Pustaka,$c 2004 =300 ##$$a x, 206 hlm, ; $c 19x12 cm. =650 #4$$a Cerita Nabi =850 ##$$a NBPNMAT =084 ##$$a 2x3.46 SYA n =990 ##$$a 20402531